000 01977nam0a2200349 4500
001 RU\NLR\bibl\1734836
005 20250616081053.0
010 _a978-5-85716-804-2
_9500
021 _aRU
_b2011-1286
_989
035 _a(NLR Aleph) 001725773
090 _a1368243
_c1368243
100 _a20110210d2010 |||y0rusy50 ca
101 0 _arus
102 _aRU
105 _aa |||||||||
200 1 _aАкустика ультразвукового контроля в технике
_eмонография
_fН.И. Бражников, В.А. Белевитин, Е.В. Бражникова
_gФедерал. агентство по образованию, Гос. образоват. учреждение высш. проф. образования "Челяб. гос. пед. ун-т"
210 _aЧелябинск
_cИзд-во Челябинского государственного педагогического университета
_d2010
215 _a290 с.
_cил., портр.
_d21
300 _aНа 4-й с. обл. авт.: Бражников Н.И. - к.т.Н., Белевитин В.А. - д.т.н., проф., Бражникова Е.В. - к.т.н., доц.
320 _aБиблиогр. в конце гл.
606 1 _aТехнический контроль
_xУльтразвуковые методы
_92520428
_3RU\NLR\auth\661493565
686 _aЖ607с322
700 1 _aБражников
_bН. И.
_gНиколай Иванович
_4070
701 1 _aБелевитин
_bВ. А.
_gВладимир Анатольевич
_4070
701 1 _4070
_aБражникова
_bЕ. В.
_cканд. техн. наук, организация ЭВМ, ультразвуковые методы контроля
_gЕлена Владимировна
_9155870
_3RU\NLR\AUTH\770155909
801 0 _aRU
_bNLR
_c20110210
_gRCR
801 1 _aRU
_bNLR
_c20110210
830 _aавт. по кн.
942 _cBOOK
980 _aNB